| 000 | 00000nam##2200000za#4500 |
| 001 | 9.624258 |
| 003 | CaOODSP |
| 005 | 20200327180222 |
| 007 | ta |
| 008 | 150406|1997||||xxc||||| f|0| 0 fre|d |
| 020 | |a0-660-95565-2 |
| 040 | |aCaOODSP|bfre |
| 043 | |an-cn--- |
| 086 | 1 |aFo64-29/1997F |
| 110 | 1 |aCanada.|bRessources naturelles Canada. |bService canadien des forêts. |
| 245 | 10|aInsectes des feuillus de l'est du Canada / |cpar A. H. Rose et O. H. Lindquist. |
| 260 | |aOttawa - Ontario : |bRessources naturelles Canada. |c1997. |
| 300 | |a304p. : |bill. en couleur ; |c25 cm. |
| 490 | 1 |aRapport technique de foresterie|v29F |
| 500 | |aDonnées de catalogage avant publication (Canada) imprimées dans cette publication. «Ce guide veut aider les gens qui portent intérêt aux arbres à identifier les insectes et les acariens qui les endommagent. Il traite d'environ 450 espèces d'insectes et d'acariens qui ont causé des dégâts sensibles aux feuillus canadiens à l'est des Rocheuses.»--Page 3. |
| 520 | 3 |aCe guide veut aider les gens qui portent intérêt aux arbres à identifier les insectes et les acariens qui les endommagent. Il traite d'environ 450 espèces d'insectes et d'acariens qui ont causé des dégâts sensibles aux feuillus canadiens à l'est des Rocheuses.--Page 3 |
| 563 | |aCouverture souple |
| 590 | |a98-34|b1998-08-21 |
| 691 | 07|aInsecte|2gcpds |
| 720 | 1 |aRose, A. H. |
| 720 | 1 |aLindquist, O. H. |
| 776 | 0#|tInsectes des feuillus de l'est du Canada / |w(CaOODSP)9.607967 |
| 830 | #0|aRapport technique de foresterie ;|v29F|w(CaOODSP)9.513040 |